Antitrust uncertainty, and technological innovation

Enregistré dans:
Détails bibliographiques
Format: Livre
Langue:Undetermined
Publié: Washington, D. C. National Academy of Sciences 1980
Sujets:
Tags: Ajouter un tag
Pas de tags, Soyez le premier à ajouter un tag!
Thư viện lưu trữ: Trung tâm Học liệu Trường Đại học Cần Thơ
LEADER 00471nam a2200157Ia 4500
001 CTU_86733
008 210402s9999 xx 000 0 und d
082 |a 338.064 
082 |b A633 
245 0 |a Antitrust uncertainty, and technological innovation 
260 |a Washington, D. C. 
260 |b National Academy of Sciences 
260 |c 1980 
650 |a Technological innovations economics 
904 |i Năm 
980 |a Trung tâm Học liệu Trường Đại học Cần Thơ